Feminismo Ilustrado: ideas para combatir el machismo

Feminismo ilustrado te explica hasta dónde llega realmente el patriarcado con ejemplos del día a día, te aclara conceptos de la lucha feminista, desmonta falsas argumentaciones en contra y te invita a detectar machismos de todos los tamaños y a mantenerte a salvo de ellos. Todo ello con acompañado d...

Descripción completa

Detalles Bibliográficos
Autor principal: Murnau, María 1991-
Otros Autores: Sotillo, Helen
Formato: Libro
Lenguaje:español
Publicado: Barcelona: Montena, 2017.
Edición:2a ed.
Materias:
Acceso en línea:

MARC

LEADER 00000cam a2200000 4500
003 UAHC
005 20181009160205.0
008 181003s2017 sp |||| |||| 00| 0 spa d
952 |0 0  |1 0  |2 ddc  |4 0  |6 305_420000000000000_MUR  |7 0  |8 COMP  |9 90698  |a BC  |b BC  |c General  |d 2018-10-03  |e Compra  |g 16860.00  |l 12  |m 7  |o 305.42 MUR  |p 1461376  |r 2026-01-14 00:00:00  |s 2024-06-03  |t c.1  |v 16860.00  |w 2018-10-03  |x OC: 2134 / F: 142047  |y BK 
999 |c 51094  |d 51094 
020 |a 9788490438404 
035 |a CENTRAL 
040 |a UAHC_CL  |c UAHC_CL  |d UAHC_CL 
082 |2 21  |a 305.42  |b M977 
100 |9 5090  |a Murnau, María  |d 1991- 
245 |a Feminismo Ilustrado:  |b ideas para combatir el machismo  |c María Murnau y Helen Sotillo. 
250 |a 2a ed. 
260 |a Barcelona:  |b Montena,  |c 2017. 
300 |a 139 p. 
520 |a Feminismo ilustrado te explica hasta dónde llega realmente el patriarcado con ejemplos del día a día, te aclara conceptos de la lucha feminista, desmonta falsas argumentaciones en contra y te invita a detectar machismos de todos los tamaños y a mantenerte a salvo de ellos. Todo ello con acompañado de explicativas ilustraciones y de mucho, mucho humor. 
526 |a Colección de Género y Sexualidades 
650 0 |9 910  |a Feminismo 
650 0 |9 5083  |a Mujeres  |x Condiciones sociales 
650 0 |9 5079  |a Teoría feminista 
700 |9 5092  |a Sotillo, Helen 
942 |2 ddc  |c BK